ბათუმის შოთა რუსთაველის სახელმწიფო უნივერსიტეტის ბიბლიოთეკა

Мир Ислама. Pax Islamica 1-2 (8-9) 2012 (ბიბ.ჩანაწერი № 47316)

000 -LEADER
fixed length control field 00721nam a2200217Ia 4500
001 - CONTROL NUMBER
control field 14177
003 - CONTROL NUMBER IDENTIFIER
control field GE_BSU
008 - FIXED-LENGTH DATA ELEMENTS--GENERAL INFORMATION
fixed length control field 181216s||||||||xx |||||||||||||| ||und||
040 ## - CATALOGING SOURCE
Transcribing agency GE_BSU
245 ## - TITLE STATEMENT
Title Мир Ислама. Pax Islamica 1-2 (8-9) 2012
245 ## - TITLE STATEMENT
Remainder of title Избранные доклады II международн. научн. конференц. "Мир Ислама" История, Общество, Культура
260 ## - PUBLICATION, DISTRIBUTION, ETC.
Place of publication, distribution, etc. Москва
260 ## - PUBLICATION, DISTRIBUTION, ETC.
Name of publisher, distributor, etc. Изд.дом Марджани
260 ## - PUBLICATION, DISTRIBUTION, ETC.
Date of publication, distribution, etc. 2012
300 ## - PHYSICAL DESCRIPTION
Extent 512стр.22см.
653 ## - INDEX TERM--UNCONTROLLED
Uncontrolled term Pax Islamica
653 ## - INDEX TERM--UNCONTROLLED
Uncontrolled term Избранные доклады
653 ## - INDEX TERM--UNCONTROLLED
Uncontrolled term Мир Ислама
653 ## - INDEX TERM--UNCONTROLLED
Uncontrolled term ნაჩუქარი
942 ## - ADDED ENTRY ELEMENTS (KOHA)
Koha item type პერიოდიკა
ეგზემპლარები
Withdrawn status Lost status Damaged status Not for loan Date acquired Barcode Date last seen Price effective from Koha item type
        2018-12-17 p76701 2018-12-17 2018-12-17 პერიოდიკა